000 00325 a2200157 4500
001 188749
020 _a978-85-7673-196-2
040 _cMagnum
100 _aJose, Elias
240 1 0 _aMonstruosidades
_lpor
245 1 0 _aMonstruosidades
300 _a24
362 0 _a2009
697 _aLITERATURA INFANTIL
942 _cBK
999 _c188749
_d188749